2003 año de la cabra / (Registro nro. 11246)

Detalles MARC
000 -LIDER
fixed length control field 01081cam a2200349 i 4500
001 - NÚMERO DE CONTROL
Identificador de número de control 0000634
003 - IDENTIFICACDOR DE NÚMERO DE CONTROL
control field DO-SdBNP
005 - DATE AND TIME OF LATEST TRANSACTION
control field 20171108113220.0
007 - CAMPOS FIJOS DE DESCRIPCIÓN FÍSICA
fixed length control field 0000634
008 - ELEMENTOS DE LONGITUD FIJA
fixed length control field 100514s 2002 mx | 000 f spa
015 ## - NÚMERO DENTRO DE LA BIBLIOGRAFÍA NACIONAL
National bibliography number
017 ## - NÚMERO DE REGISTRO DE DERECHOS DE AUTOR
Copyright or legal deposit number
Assigning agency
020 ## - ISBN
International Standard Book Number 9681911423
035 ## - NÚMERO LOCAL
System control number
040 ## - FUENTE DE CATALOGACIÓN
Agencia que crea de manera original el registro BPMSU
Idioma de catalogación spa
Agencia que realiza la transcripción BPMSU
Convenciones de la despripción
080 ## - NÚMERO DE CLASIFICACIÓN DECIMAL UNIVERSAL
Universal Decimal Classification number
082 #4 - NÚMERO DE CLASIFICACIÓN DECIMAL DE DEWEY
Classification number 133.58951
Item number K83d, 2003
100 1# - ASIENTO PRINCIPAL -- NOMBRE PERSONAL
Nombre personal Koppel, Mónica
245 10 - MENCIÓN DE TITULO
Título 2003 año de la cabra /
Subtítulo feng shui y ki de las nueve estrellas para obtener abundancia, armonía y amor /
Mención de responsabilidad Mónica Koppel
246 10 - VARIACION DEL TÍTULO
Título propiamente dicho o título corto Dos mil y tres año de la cabra
Subtítulo feng shui y ki de las nueve estrellas para obtener abundancia, armonía y amor /
260 0# - PUBLICACIÓN, DISTRIBUCIÓN, ETC. (PIE DE IMPRENTA)
Lugar de publicación, distribución, etc México, D.F. :
Nombre del editor, distribuidor, etc. Taurus,
Fecha de publicación, distribución, etc 2002.
300 ## - DESCRIPCIÓN FÍSICA
Extensión 119 p.:
Dimensiones 22 cm
490 1# - MENCIÓN DE SERIES
Mención de serie Alamah tradiciones de oriente
650 #4 - ENCABEZAMIENTO DE MATERIA--TEMÁTICO
Término temático o nombre geográfico como elemento de entrada ASTROLOGÍA
650 #4 - ENCABEZAMIENTO DE MATERIA--TEMÁTICO
Término temático o nombre geográfico como elemento de entrada ASTROLOGÍA CHINA
650 #4 - ENCABEZAMIENTO DE MATERIA--TEMÁTICO
Término temático o nombre geográfico como elemento de entrada FENG SHUI
830 #0 - ASIENTO SECUNDARIO DE SERIE--TÍTULO UNIFORME
Título uniforme Alamah tradiciones de oriente
910 ## - VALIDACIÓN
Validación Validado. Control de calidad MFF
942 ## - ADDED ENTRY ELEMENTS (KOHA)
Source of classification or shelving scheme Dewey Decimal Classification
Koha item type Libros
945 ## - INFORMACIÓN DE PROCESAMIENTO LOCAL
Información de procesamiento local Inventariado, 2017/MFF
956 ## - LOCAL ELECTRONIC LOCATION AND ACCESS (OCLC)
Nombre de host YLOCKWARD
Campo enlazado y núm. de secuencia 10
Información de compresión BPMSU
Existencias
Withdrawn status Lost status Source of classification or shelving scheme Damaged status Not for loan Collection code Home library Current library Date acquired Source of acquisition Total Checkouts Full call number Barcode Date last seen Price effective from Koha item type Copy number
    Dewey Decimal Classification     Colección General Biblioteca Pública Metropolitana Salomé Ureña Biblioteca Pública Metropolitana Salomé Ureña 08/31/2016 Alfaguara   133.58951 K83d, 2003 BPMSU16080332 08/31/2016 08/31/2016 Libros  
    Dewey Decimal Classification     Colección General Biblioteca Pública Metropolitana Salomé Ureña Biblioteca Pública Metropolitana Salomé Ureña 08/31/2016 Alfaguara   133.58951 K83d, 2003 BPMSU16080333 08/31/2016 08/31/2016 Libros e. 2
    Dewey Decimal Classification     Colección General Biblioteca Pública Metropolitana Salomé Ureña Biblioteca Pública Metropolitana Salomé Ureña 08/31/2016 Alfaguara   133.58951 K83d, 2003 BPMSU16080334 08/31/2016 08/31/2016 Libros e. 3